Derecho humano al agua /
Este trabajo hace un pequeño análisis del derecho humano al agua. Aborda los temas de accesibilidad física y económica, así como de la calidad y cantidad del agua para las distintas regiones del mundo. Se subraya el papel trascendental que juegan los Estados en esta temática, de cara a potenciales p...
Kaydedildi:
| Yazar: | |
|---|---|
| Materyal Türü: | Metin |
| Konular: | |
| Etiketler: |
Etiketle
Etiket eklenmemiş, İlk siz ekleyin!
|
MARC
| LEADER | 00000 a a2200000 04500 | ||
|---|---|---|---|
| 001 | 44308 | ||
| 003 | |||
| 040 | |||
| 100 | |a Peña Chacón, Mario | ||
| 245 | |a Derecho humano al agua / |c Mario Peña Chacón | ||
| 520 | |a Este trabajo hace un pequeño análisis del derecho humano al agua. Aborda los temas de accesibilidad física y económica, así como de la calidad y cantidad del agua para las distintas regiones del mundo. Se subraya el papel trascendental que juegan los Estados en esta temática, de cara a potenciales problemas de acceso, vinculados al cambio climático y aumento de la población mundial. | ||
| 590 | |a RRH/FEBRERO2014 | ||
| 650 | |a 1.ABASTECIMIENTO DE AGUA | ||
| 650 | |a 2.DERECHOS HUMANOS | ||
| 650 | |a 3.NECESIDADES DE RECURSOS HIDRICOS | ||
| 650 | |a 4.LEGISLACION | ||
| 650 | |a 5.ESTADO | ||
| 650 | |a 6.COSTA RICA | ||
| 773 | |g volumen1, número2 ( , 2008), páginas 7-1 | ||
| 999 | |c 34329 |d 34329 | ||
